000 00578nam a2200229Ia 4500
008 220204s9999 xx 000 0 und d
082 _a581.824.2
_bARO
245 0 _aPhloem transport
260 _aNew York
_bPlenum
_c1975
650 _aAnatomy
650 _aBiodirectional transport
650 _aBiophysics
650 _aElectron-osmotic theory
650 _aMunch hypothesis
650 _aPhloem protein
650 _aPhloem tissue
650 _aPhloem transport
650 _aScience element
650 _aTranslocation
700 _aARONOFF, S
942 _cBK
999 _c26736
_d26736